Microbiología / (Record no. 163219)
[ view plain ]
| 000 -CABECERA | |
|---|---|
| campo de control de longitud fija | 01379nam a2200349Ia 4500 |
| 001 - NÚMERO DE CONTROL | |
| campo de control | Z_245 |
| 003 - IDENTIFICADOR DEL NÚMERO DE CONTROL | |
| campo de control | CHAP |
| 008 - DATOS DE LONGITUD FIJA--INFORMACIÓN GENERAL | |
| campo de control de longitud fija | 220113s9999 xx 000 0 und d |
| 010 ## - NÚMERO DE CONTROL DE LA BIBLIOTECA DEL CONGRESO | |
| Número de control de LC | 163219 |
| 020 ## - NÚMERO INTERNACIONAL ESTÁNDAR DEL LIBRO | |
| Número Internacional Estándar del Libro | 968-6046-65-8 |
| 040 ## - FUENTE DE LA CATALOGACIÓN | |
| Centro/agencia transcriptor | CHAP |
| 082 ## - NÚMERO DE LA CLASIFICACIÓN DECIMAL DEWEY | |
| Número de clasificación | 576 P45 1982 |
| 100 1# - ENTRADA PRINCIPAL--NOMBRE DE PERSONA | |
| Nombre de persona | Pelczar, Michael J., Jr. |
| 9 (RLIN) | 86613 |
| 245 ## - MENCIÓN DE TÍTULO | |
| Título | Microbiología / |
| Mención de responsabilidad, etc. | Michael J. Pelczar, Roger D. Reid y E. C. S. Chan; traducción Antonio Capella Bustos...[et al]; revición técnica Francisco García Torres...[et al] |
| 250 ## - MENCIÓN DE EDICIÓN | |
| Mención de edición | 2a ed. |
| 260 ## - PUBLICACIÓN, DISTRIBUCIÓN, ETC. | |
| Lugar de publicación, distribución, etc. | México : |
| Nombre del editor, distribuidor, etc. | McGraw-Hill, |
| Fecha de publicación, distribución, etc. | |
| 300 ## - DESCRIPCIÓN FÍSICA | |
| Extensión | xiv, 828 p. |
| 500 ## - NOTA GENERAL | |
| Nota general | Traducción de la obra en inglés: Microbiology de la 4a ed. en ingles de 1977 \ |
| 503 ## - NOTA DE HISTORIA BIBLIOGRÁFICA (BK CF MU) [OBSOLETO] | |
| Nota de historia bibliográfica | ej.1: s/n \ ej.2: C/E \ ej.3: 194986 \ ej.4: 194987 \ ej.5: 194989 \ ej.6: 194990 \ ej.7: 195330 \ ej.8: 195331 \ ej.11: reposición por el título: Brock, biología de los micoorganismos, 12a ed. de 2009) \ N. de Inventario no encontrados físicamente: 195329, 123563, 128805 |
| 650 ## - PUNTO DE ACCESO ADICIONAL DE MATERIA--TÉRMINO DE MATERIA | |
| Término de materia o nombre geográfico como elemento de entrada | Microbiología |
| 9 (RLIN) | 75490 |
| 650 ## - PUNTO DE ACCESO ADICIONAL DE MATERIA--TÉRMINO DE MATERIA | |
| Término de materia o nombre geográfico como elemento de entrada | Microorganismos |
| 9 (RLIN) | 75519 |
| 700 ## - PUNTO DE ACCESO ADICIONAL--NOMBRE DE PERSONA | |
| Nombre de persona | Capella Bustos, Antonio, tr. |
| 9 (RLIN) | 137514 |
| 700 ## - PUNTO DE ACCESO ADICIONAL--NOMBRE DE PERSONA | |
| Nombre de persona | Chan, E. C. S., coaut. |
| 9 (RLIN) | 137515 |
| 700 ## - PUNTO DE ACCESO ADICIONAL--NOMBRE DE PERSONA | |
| Nombre de persona | García Torres, Francisco, rev. |
| 9 (RLIN) | 137516 |
| 700 ## - PUNTO DE ACCESO ADICIONAL--NOMBRE DE PERSONA | |
| Nombre de persona | Reid, Roger D., coaut. |
| 9 (RLIN) | 137517 |
| 901 ## - ELEMENTOS DE DATOS A LOCAL LDA (RLIN) | |
| a | 576 P45 1982 |
| 902 ## - ELEMENTOS DE DATOS B LOCAL, LDB (RLIN) | |
| a | M |
| 910 ## - DATOS DE OPCIÓN DEL USUARIO (OCLC) | |
| Datos de opción del usuario | |
| 942 ## - ELEMENTOS DE PUNTO DE ACCESO ADICIONAL (KOHA) | |
| Tipo de ítem Koha | Libro_ |
| 942 ## - ELEMENTOS DE PUNTO DE ACCESO ADICIONAL (KOHA) | |
| Tipo de ítem Koha | |
| Estado de retiro | Estado de pérdida | Fuente del sistema de clasificación o colocación | Estado dañado | No para préstamo | Código de colección | Localización permanente | Ubicación/localización actual | Ubicación en estantería | Fecha de adquisición | Código de barras | Fecha visto por última vez | Número de copia | Precio válido a partir de | Tipo de ítem Koha | Total de préstamos | Renovaciones totales | Fecha del último préstamo |
|---|---|---|---|---|---|---|---|---|---|---|---|---|---|---|---|---|---|
| Dewey Decimal Classification | General | Zootecnia | Zootecnia | 09/11/2005 | z_0742 | 18/01/2022 | 1 | 18/01/2022 | Libro | ||||||||
| Dewey Decimal Classification | General | Zootecnia | Zootecnia | 09/11/2005 | z_0745 | 18/01/2022 | 2 | 18/01/2022 | Libro | ||||||||
| Dewey Decimal Classification | General | Zootecnia | Zootecnia | 09/11/2005 | z_2766 | 18/01/2022 | 3 | 18/01/2022 | Libro | ||||||||
| Dewey Decimal Classification | General | Zootecnia | Zootecnia | 09/11/2005 | z_2767 | 18/01/2022 | 4 | 18/01/2022 | Libro | ||||||||
| Dewey Decimal Classification | General | Zootecnia | Zootecnia | 09/11/2005 | z_2769 | 18/01/2022 | 5 | 18/01/2022 | Libro | ||||||||
| Dewey Decimal Classification | General | Zootecnia | Zootecnia | 09/11/2005 | z_2770 | 18/01/2022 | 6 | 18/01/2022 | Libro | ||||||||
| Dewey Decimal Classification | General | Zootecnia | Zootecnia | 09/11/2005 | z_2835 | 09/02/2023 | 7 | 18/01/2022 | Libro | 1 | 1 | 27/01/2023 | |||||
| Dewey Decimal Classification | General | Zootecnia | Zootecnia | 09/11/2005 | z_2836 | 18/01/2022 | 8 | 18/01/2022 | Libro |
